000 00568nam a2200217Ia 4500
003 OSt
005 20220928141429.0
006 a|||||r|||| 00| 0
007 ta
008 220927b |||||||| |||| 00| 0 eng d
024 _a14909
037 _cTextual
040 _aSDCL
_cSDCL
_beng
041 _2eng
_aeng
082 _aWv2, L5
100 _aSingh Balmiki Prasad
_9417730
245 0 _aThreads woven
_b Ideals, principles and administration
260 _c1975
942 _hWv2, L5
_cTEXL
_2CC
999 _c817318
_d817318